00512nam a2200217Ia 4500008004100000020001800041041000800059082002000067100001800087245003200105260003700137300000800174365001100182463000500193650001300198650001400211650001500225650002000240700001900260700001500279140306s9999 xx 000 0 und d a0 86311 304 4 aeng a658 .82bPRA/SU aelliot, Ricky aSuccessful scales promotion aHyderabadbOrient Longmanc 1992 a139 bRs .80 a aBusiness amarketing atechniques atrade promotion aPran Choudhary aToop, alan